Sổ tay định mức tiêu hao vật liệu và năng lượng điện trong hàn

Na minha lista:
Detalhes bibliográficos
Autor principal: Hoàng Tùng
Formato: Livro
Idioma:Vietnamese
Publicado em: Khoa học Kỹ Thuật 2001
Assuntos:
Tags: Adicionar Tag
Sem tags, seja o primeiro a adicionar uma tag!
Thư viện lưu trữ: Mạng thư viện Đại học Đà Nẵng
LEADER 01024nam a2200313 a 4500
001 000003359
003 00487
005 20171229145311.0
008 171229s2001 vie
040 |a LSK 
041 0 |a VIE 
082 0 |a 671.521  |b HO-T 
100 1 |a Hoàng Tùng 
245 0 0 |a Sổ tay định mức tiêu hao vật liệu và năng lượng điện trong hàn 
260 |b Khoa học Kỹ Thuật  |c 2001 
300 |a 256 pages  |c 21 cm 
653 |a Công nghệ hàn 
852 |a Phòng Đọc - Phòng Mượn 
901 |a 10 
927 |a Sách tham khảo 
OWN |a LSK 
AVA |a UDN50  |b LSK  |d 671.521 HO-T  |e available  |t Error 5001 Not defined in file expand_doc_bib_avail.  |f 10  |g 0  |h N  |i 0  |k 1 
999 |a From the UDN01 
AVA |a UDN50  |b LSK  |d 671.521 HO-T  |e available  |t Error 5001 Not defined in file expand_doc_bib_avail.  |f 10  |g 0  |h N  |i 0  |k 1 
TYP |a Monograph 
TYP |a Printed language 
980 |a Mạng thư viện Đại học Đà Nẵng